[Event "Godesberger SK 1 - Bielefelder SK 1"]
[Site "NRW-Liga - Gruppe 2 2021/2022"]
[Date "2022.05.08"]
[Round "9.1"]
[White "Gruen, Gerd-Peter"]
[Black "Seger, Ruediger"]
[Result "1/2-1/2"]
[WhiteElo "2202"]
[BlackElo "2264"]
[PlyCount "139"]
[EventDate "2022.??.??"]
[SourceVersionDate "2020.03.16"]
[WhiteTeam "Bielefelder SK 1"]
[BlackTeam "Godesberger SK 1"]

1. d4 Nf6 2. Nf3 g6 3. g3 Bg7 4. Bg2 O-O 5. O-O d5 6. c4 dxc4 7. Na3 Nc6 8.
Nxc4 Be6 9. b3 a5 10. Bb2 Bd5 11. Ne3 Be4 12. Rc1 a4 13. bxa4 Ra6 14. Nc4 Qa8
15. Ncd2 Bd5 16. Re1 Rxa4 17. e4 Bxa2 18. d5 Nb4 19. Qe2 c6 20. dxc6 Nxc6 21.
e5 Nd7 22. Ne4 Ra5 23. Bc3 Ra7 24. Neg5 e6 25. Ne4 Bd5 26. Nf6+ Nxf6 27. exf6
Bh6 28. Rc2 Rd8 29. h4 Ra2 30. Rxa2 Qxa2 31. Qxa2 Bxa2 32. Ne5 Bd5 33. Rb1 Nxe5
34. Bxe5 Bf8 35. Bc7 Rd7 36. Bb6 Bxg2 37. Kxg2 h5 38. Rc1 Rd6 39. Be3 Rc6 40.
Rb1 Bc5 41. Bxc5 Rxc5 42. Rxb7 Rf5 43. Rb8+ Kh7 44. Rb7 Rxf6 45. Ra7 Kg7 46.
Rb7 Rf5 47. Ra7 Rb5 48. Rc7 Kf6 49. Ra7 e5 50. Rc7 Ke6 51. Ra7 f6 52. Rg7 Kf5
53. Rg8 Rb2 54. Rg7 e4 55. Re7 g5 56. hxg5 fxg5 57. Re8 Rb5 58. Rh8 Kg4 59. Re8
Rb4 60. Rf8 Rb6 61. Re8 Kf5 62. Rh8 Kg6 63. Re8 Rb4 64. Re7 h4 65. gxh4 gxh4
66. Re8 Kf5 67. Rf8+ Ke5 68. Re8+ Kd4 69. Rh8 Ke5 70. Rxh4 1/2-1/2

[Event "Godesberger SK 1 - Bielefelder SK 1"]
[Site "NRW-Liga - Gruppe 2 2021/2022"]
[Date "2022.05.08"]
[Round "9.2"]
[White "Dahm, Jochen"]
[Black "Beilfuß, Wilfried"]
[Result "1-0"]
[WhiteElo "2199"]
[BlackElo "2137"]
[PlyCount "143"]
[EventDate "2022.??.??"]
[SourceVersionDate "2020.03.16"]
[WhiteTeam "Godesberger SK 1"]
[BlackTeam "Bielefelder SK 1"]

1. e4 c5 2. Nf3 Nc6 3. c3 d5 4. exd5 Qxd5 5. d4 e6 6. Be3 cxd4 7. cxd4 Nf6 8.
Nc3 Qd8 9. Bc4 Be7 10. O-O Nb4 11. Ne5 O-O 12. Qf3 Nbd5 13. Bg5 Nxc3 14. bxc3
Nd7 15. Bf4 Nxe5 16. Bxe5 Bd6 17. Rfe1 Bxe5 18. Rxe5 Qc7 19. Rc5 Qe7 20. Qg3
Rd8 21. Re1 Bd7 22. Rc7 Rac8 23. Bb3 Qf6 24. Rxb7 a5 25. Ra7 Ra8 26. Rxa8 Rxa8
27. Qd6 Be8 28. Re3 Qf5 29. h3 a4 30. Bc4 Bb5 31. Bxb5 Qxb5 32. Qb4 Rb8 33.
Qxb5 Rxb5 34. Re5 Rb1+ 35. Kh2 g6 36. Ra5 Rc1 37. Rxa4 Rxc3 38. f3 g5 39. Ra5
h6 40. d5 exd5 41. Rxd5 Ra3 42. Rd2 Kg7 43. Kg3 Kg6 44. h4 Ra4 45. Rd6+ Kg7 46.
hxg5 hxg5 47. Rd2 Kg6 48. Kf2 g4 49. fxg4 Kg5 50. Ke3 Ra3+ 51. Kd4 Kxg4 52. Kc4
Ra8 53. Kb3 Rb8+ 54. Kc2 Rc8+ 55. Kb2 Rb8+ 56. Ka1 Kg3 57. a4 f5 58. Ka2 f4 59.
Ka3 Ra8 60. Rc2 Ra7 61. Rb2 Ra8 62. Rd2 Ra7 63. Kb4 Rb7+ 64. Kc5 Rb1 65. Ra2
Rc1+ 66. Kd4 Rc8 67. a5 Ra8 68. Kc5 Rc8+ 69. Kd5 Ra8 70. a6 Ra7 71. Kd4 Rd7+
72. Kc5 1-0

[Event "Godesberger SK 1 - Bielefelder SK 1"]
[Site "NRW-Liga - Gruppe 2 2021/2022"]
[Date "2022.05.08"]
[Round "9.3"]
[White "Simon, Hans-Christian"]
[Black "Koehler, Christian Friedrich"]
[Result "1/2-1/2"]
[WhiteElo "2134"]
[BlackElo "2288"]
[PlyCount "30"]
[EventDate "2022.??.??"]
[SourceVersionDate "2020.03.16"]
[WhiteTeam "Bielefelder SK 1"]
[BlackTeam "Godesberger SK 1"]

1. d4 d5 2. c4 c6 3. cxd5 cxd5 4. Nc3 Nf6 5. Nf3 Nc6 6. Bf4 Bf5 7. e3 e6 8. Qb3
Bb4 9. Bb5 O-O 10. Bxc6 Bxc3+ 11. Qxc3 bxc6 12. O-O Qb6 13. Nd2 Rfc8 14. Rfc1
a5 15. Bd6 Ne4 1/2-1/2

[Event "Godesberger SK 1 - Bielefelder SK 1"]
[Site "NRW-Liga - Gruppe 2 2021/2022"]
[Date "2022.05.08"]
[Round "9.4"]
[White "Wecker, Martin"]
[Black "Goeßling, Guido"]
[Result "1/2-1/2"]
[WhiteElo "2166"]
[BlackElo "2126"]
[PlyCount "37"]
[EventDate "2022.??.??"]
[SourceVersionDate "2020.03.16"]
[WhiteTeam "Godesberger SK 1"]
[BlackTeam "Bielefelder SK 1"]

1. Nf3 d5 2. g3 c6 3. Bg2 Bg4 4. c4 e6 5. cxd5 exd5 6. O-O Nd7 7. d3 Ngf6 8.
Nc3 Bd6 9. h3 Bxf3 10. Bxf3 O-O 11. Bg2 Re8 12. e4 dxe4 13. dxe4 Nc5 14. Qc2
Be5 15. Be3 Qd3 16. Rac1 Qxc2 17. Rxc2 Bxc3 18. Bxc5 Ba5 19. Re2 1/2-1/2

[Event "Godesberger SK 1 - Bielefelder SK 1"]
[Site "NRW-Liga - Gruppe 2 2021/2022"]
[Date "2022.05.08"]
[Round "9.5"]
[White "Danielmeier, Ralf"]
[Black "Kutzner, Stephen"]
[Result "1-0"]
[WhiteElo "2053"]
[BlackElo "2112"]
[PlyCount "67"]
[EventDate "2022.??.??"]
[SourceVersionDate "2020.03.16"]
[WhiteTeam "Bielefelder SK 1"]
[BlackTeam "Godesberger SK 1"]

1. e4 e5 2. Bc4 Nf6 3. d3 c6 4. Nf3 d5 5. Bb3 Bd6 6. exd5 cxd5 7. Nc3 e4 8.
dxe4 dxe4 9. Ba4+ Nc6 10. Nd4 O-O 11. Nxc6 bxc6 12. Bg5 Ba6 13. Qd2 h6 14.
O-O-O hxg5 15. Qxd6 Qa5 16. Bb3 Rac8 17. Rd4 Rcd8 18. Qb4 Qf5 19. Rxd8 Rxd8 20.
Qe7 Rd7 21. Bxf7+ Kh7 22. Qe6 Qxf2 23. Qh3+ Qh4 24. Qf5+ Kh8 25. g3 Qh6 26. Be6
g4+ 27. Kb1 Rd2 28. h3 e3 29. Ne4 gxh3 30. Nxd2 exd2 31. Qa5 Qh5 32. Qxd2 Ne4
33. Qd8+ Kh7 34. Rxh3 1-0

[Event "Godesberger SK 1 - Bielefelder SK 1"]
[Site "NRW-Liga - Gruppe 2 2021/2022"]
[Date "2022.05.08"]
[Round "9.6"]
[White "Schulte-Geers, Niklas"]
[Black "Doering, Carsten"]
[Result "1/2-1/2"]
[WhiteElo "2142"]
[BlackElo "1967"]
[PlyCount "23"]
[EventDate "2022.??.??"]
[SourceVersionDate "2020.03.16"]
[WhiteTeam "Godesberger SK 1"]
[BlackTeam "Bielefelder SK 1"]

1. d4 Nf6 2. c4 g6 3. Nc3 Bg7 4. e4 d6 5. Nf3 O-O 6. h3 e5 7. d5 Na6 8. g4 Nc5
9. Qc2 a5 10. Be2 Ne8 11. Rg1 Kh8 12. Be3 1/2-1/2

[Event "Godesberger SK 1 - Bielefelder SK 1"]
[Site "NRW-Liga - Gruppe 2 2021/2022"]
[Date "2022.05.08"]
[Round "9.7"]
[White "Winkler, Yonathan"]
[Black "Stenzel, Thomas"]
[Result "1/2-1/2"]
[WhiteElo "1826"]
[BlackElo "2070"]
[PlyCount "113"]
[EventDate "2022.??.??"]
[SourceVersionDate "2020.03.16"]
[WhiteTeam "Bielefelder SK 1"]
[BlackTeam "Godesberger SK 1"]

1. e4 e6 2. d4 d5 3. exd5 exd5 4. Nf3 Nc6 5. Bb5 Bd6 6. c4 dxc4 7. d5 a6 8. Ba4
b5 9. dxc6 bxa4 10. O-O Ne7 11. Nbd2 c3 12. bxc3 O-O 13. Qxa4 Bf5 14. Ne4 Re8
15. Nxd6 Qxd6 16. Bf4 Qc5 17. Bxc7 Nd5 18. Ba5 Re4 19. Bb4 Qxc3 20. Bxc3 Rxa4
21. Be5 f6 22. Rfd1 Be4 23. Nd2 Bf5 24. Nb3 fxe5 25. Rxd5 Be6 26. Rd6 Bxb3 27.
c7 Rd4 28. Rxd4 exd4 29. axb3 Rc8 30. Rc1 d3 31. Kf1 d2 32. Rd1 Rxc7 33. Rxd2
Rc1+ 34. Ke2 Rb1 35. Ra2 Rxb3 36. Rxa6 Kf7 37. g3 Rc3 38. h4 Rb3 39. Kf1 Rc3
40. Kg2 Rb3 41. g4 Rc3 42. f3 Rb3 43. Kg3 Rc3 44. g5 Rc4 45. h5 Rc1 46. Ra7+
Kf8 47. Kg4 Rc4+ 48. f4 Rc5 49. g6 hxg6 50. hxg6 Rc8 51. Kg5 Rb8 52. f5 Rc8 53.
Rf7+ Kg8 54. Rd7 Rb8 55. f6 Rb5+ 56. Kf4 gxf6 57. Rf7 1/2-1/2

[Event "SF Essen-Katernberg  2 - SG Solingen 3"]
[Site "NRW-Liga - Gruppe 2 2021/2022"]
[Date "2022.05.08"]
[Round "9.1"]
[White "Zolfagharian, Kevin"]
[Black "Villwock, Martin"]
[Result "0-1"]
[WhiteElo "2250"]
[BlackElo "2109"]
[PlyCount "82"]
[EventDate "2022.??.??"]
[SourceVersionDate "2020.03.16"]
[WhiteTeam "SG Solingen 3"]
[BlackTeam "SF Essen-Katernberg  2"]

1. e4 c5 2. Nf3 e6 3. b3 b6 4. Bb2 Bb7 5. Nc3 Nf6 6. e5 Nd5 7. Nxd5 Bxd5 8. Bd3
Be7 9. Qe2 Qc7 10. O-O O-O 11. Rac1 f6 12. exf6 Bxf6 13. Bxf6 Rxf6 14. Ne5 Nc6
15. Ng4 Rf4 16. Ne3 Bf3 17. Qe1 Rh4 18. g3 Rh6 19. Ng2 Rf8 20. Qe3 Ne5 21. h4
Ng4 22. Qg5 Rhf6 23. h5 Bxg2 24. Qxg4 Bf3 25. Qc4 Rf4 26. Bxh7+ Kxh7 27. gxf4
Rxf4 28. Qd3+ Kh8 29. Rfe1 Qd8 30. Re3 Qg5+ 31. Kf1 Qg2+ 32. Ke1 Qh1+ 33. Qf1
Qxh5 34. c4 d5 35. cxd5 exd5 36. Qb5 Qh1+ 37. Qf1 Rh4 38. Rxf3 Qxf3 39. Rc3 Qh5
40. Rg3 Rh1 41. Rg1 Qe5+ 0-1

[Event "SF Essen-Katernberg  2 - SG Solingen 3"]
[Site "NRW-Liga - Gruppe 2 2021/2022"]
[Date "2022.05.08"]
[Round "9.3"]
[White "Asadzade, Idris"]
[Black "Dahm, Bernd"]
[Result "1-0"]
[WhiteElo "2189"]
[BlackElo "2133"]
[PlyCount "99"]
[EventDate "2022.??.??"]
[SourceVersionDate "2020.03.16"]
[WhiteTeam "SG Solingen 3"]
[BlackTeam "SF Essen-Katernberg  2"]

1. c4 c5 2. Nf3 Nc6 3. d4 cxd4 4. Nxd4 Nf6 5. Nc3 e6 6. a3 Be7 7. e4 O-O 8. Be2
Qc7 9. O-O a6 10. Be3 d6 11. Rc1 Rd8 12. b4 Ne5 13. f4 Ned7 14. Qb3 b6 15. Bf3
Bb7 16. g4 Nf8 17. f5 e5 18. Nd5 Nxd5 19. cxd5 Qb8 20. Nc6 Bxc6 21. dxc6 Qc7
22. g5 Rdc8 23. Bh5 Bd8 24. g6 b5 25. Kh1 Kh8 26. gxh7 Nxh7 27. Qxf7 Bg5 28.
Bxg5 Nxg5 29. Qd5 a5 30. Rg1 Nh3 31. Bg6 axb4 32. axb4 Nxg1 33. Rxg1 Qxc6 34.
Qd3 Qc3 35. Qd1 Qh3 36. Rg5 Kg8 37. Qd5+ Kh8 38. Rh5+ Qxh5 39. Bxh5 Ra1+ 40.
Kg2 Rc2+ 41. Kg3 Ra3+ 42. Bf3 Rcc3 43. Qd1 d5 44. Qxd5 Rxf3+ 45. Kg4 Rf4+ 46.
Kg5 Re3 47. Kg6 Rg4+ 48. Kf7 Rexe4 49. Qd8+ Kh7 50. h4 1-0

[Event "SF Essen-Katernberg  2 - SG Solingen 3"]
[Site "NRW-Liga - Gruppe 2 2021/2022"]
[Date "2022.05.08"]
[Round "9.4"]
[White "Irkilmez, Yakub"]
[Black "Wickenfeld, Stefan"]
[Result "0-1"]
[WhiteElo "2066"]
[BlackElo "2124"]
[PlyCount "66"]
[EventDate "2022.??.??"]
[SourceVersionDate "2020.03.16"]
[WhiteTeam "SF Essen-Katernberg  2"]
[BlackTeam "SG Solingen 3"]

1. d4 d5 2. Nf3 Nf6 3. g3 b5 4. Bg2 e6 5. O-O c5 6. a4 b4 7. c4 bxc3 8. Nxc3
Nc6 9. Re1 Be7 10. Bg5 O-O 11. dxc5 Rb8 12. Qc1 Bxc5 13. e4 Qb6 14. Bxf6 Bxf2+
15. Kh1 gxf6 16. Qh6 Ne7 17. exd5 Nf5 18. Qxf6 Bxe1 19. Rxe1 exd5 20. Qg5+ Qg6
21. Qf4 Be6 22. Ne5 Qh6 23. Qf2 d4 24. Ne4 Ne3 25. Bf3 Rfc8 26. Bh5 Rc2 27.
Bxf7+ Kg7 28. Qxc2 Nxc2 29. Rf1 Ne3 30. Rf2 Rf8 31. Nd6 Bd5+ 32. Bxd5 Rxf2 33.
Nf3 Qxd6 0-1

[Event "SF Essen-Katernberg  2 - SG Solingen 3"]
[Site "NRW-Liga - Gruppe 2 2021/2022"]
[Date "2022.05.08"]
[Round "9.5"]
[White "Borchert, Stephan"]
[Black "Dette, Jan"]
[Result "1-0"]
[WhiteElo "2106"]
[BlackElo "2076"]
[PlyCount "75"]
[EventDate "2022.??.??"]
[SourceVersionDate "2020.03.16"]
[WhiteTeam "SG Solingen 3"]
[BlackTeam "SF Essen-Katernberg  2"]

1. e4 e6 2. d4 d5 3. Nc3 Nf6 4. e5 Nfd7 5. f4 c5 6. Nf3 Nc6 7. Be3 Be7 8. Qd2
O-O 9. Be2 Qb6 10. Na4 Qb4 11. Qxb4 Nxb4 12. Kd2 cxd4 13. Nxd4 Nc5 14. Nxc5
Bxc5 15. c3 Nc6 16. Nxc6 Bxe3+ 17. Kxe3 bxc6 18. b4 a5 19. a4 Ba6 20. b5 cxb5
21. axb5 Bb7 22. Kd4 Rfc8 23. Ra4 f6 24. Rha1 fxe5+ 25. fxe5 Rc7 26. Rxa5 Rf8
27. Rf1 Rfc8 28. Ra7 Rb8 29. h4 g6 30. Rf6 Re8 31. b6 Rce7 32. h5 gxh5 33. Bxh5
Rc8 34. Bf7+ Rxf7 35. Rxf7 Rc4+ 36. Kd3 Kxf7 37. Rxb7+ Ke8 38. Rxh7 1-0

[Event "SF Essen-Katernberg  2 - SG Solingen 3"]
[Site "NRW-Liga - Gruppe 2 2021/2022"]
[Date "2022.05.08"]
[Round "9.6"]
[White "Gorainow, Nikita"]
[Black "Auer, Martin"]
[Result "0-1"]
[WhiteElo "2021"]
[BlackElo "2161"]
[PlyCount "60"]
[EventDate "2022.??.??"]
[SourceVersionDate "2020.03.16"]
[WhiteTeam "SF Essen-Katernberg  2"]
[BlackTeam "SG Solingen 3"]

1. e4 g6 2. d4 Bg7 3. Nc3 d6 4. Be2 a6 5. a4 Nf6 6. Nf3 O-O 7. O-O Nc6 8. h3 b6
9. Be3 Bb7 10. d5 Nb8 11. Nd4 c6 12. dxc6 Nxc6 13. Nb3 Rc8 14. f4 Nb4 15. Bf3
Qc7 16. a5 b5 17. Bb6 Qb8 18. Qd2 Rc4 19. Rae1 Nd7 20. Bf2 Qc7 21. Re2 Bxc3 22.
bxc3 Na2 23. Rfe1 Nxc3 24. Re3 Na4 25. Bd1 Nb2 26. Bg4 Rxc2 27. Qb4 Na4 28. Bh4
Ndc5 29. Nd2 Rb2 30. Qd4 e5 0-1

[Event "SF Essen-Katernberg  2 - SG Solingen 3"]
[Site "NRW-Liga - Gruppe 2 2021/2022"]
[Date "2022.05.08"]
[Round "9.7"]
[White "Peschel, Andreas"]
[Black "Heldt, Maximilian"]
[Result "1-0"]
[WhiteElo "2128"]
[BlackElo "2036"]
[PlyCount "71"]
[EventDate "2022.??.??"]
[SourceVersionDate "2020.03.16"]
[WhiteTeam "SG Solingen 3"]
[BlackTeam "SF Essen-Katernberg  2"]

1. d4 Nf6 2. c4 e6 3. Nf3 d5 4. g3 dxc4 5. Qa4+ Bd7 6. Qxc4 Bc6 7. Bg2 Be7 8.
O-O O-O 9. Nc3 Nbd7 10. Rd1 Nb6 11. Qd3 Nbd5 12. Ne5 Nxc3 13. Nxc6 Nxe2+ 14.
Qxe2 bxc6 15. Bxc6 Rb8 16. Bf3 Rb4 17. Qa6 Qb8 18. a3 Rb3 19. Rd3 c5 20. Bf4
Qb5 21. Qxb5 Rxb5 22. dxc5 Bxc5 23. b4 Bb6 24. Bd6 Rc8 25. a4 Rf5 26. g4 Rg5
27. h4 Rg6 28. a5 Bd8 29. Bg3 Nd5 30. Rad1 h6 31. h5 Rg5 32. Bxd5 exd5 33. Rxd5
Be7 34. Rxg5 hxg5 35. b5 Bb4 36. b6 1-0

[Event "SF Essen-Katernberg  2 - SG Solingen 3"]
[Site "NRW-Liga - Gruppe 2 2021/2022"]
[Date "2022.05.08"]
[Round "9.8"]
[White "Mamikonyan, Davit"]
[Black "Fichtner, Ewald"]
[Result "1-0"]
[WhiteElo "1851"]
[BlackElo "2005"]
[PlyCount "77"]
[EventDate "2022.??.??"]
[SourceVersionDate "2020.03.16"]
[WhiteTeam "SF Essen-Katernberg  2"]
[BlackTeam "SG Solingen 3"]

1. e4 c6 2. Nc3 d5 3. d4 dxe4 4. Nxe4 Bf5 5. Ng3 Bg6 6. Nf3 Nf6 7. Bd3 e6 8.
Bg5 Be7 9. c3 Nbd7 10. Qc2 Qa5 11. O-O O-O 12. Rfe1 Rfd8 13. Bxg6 hxg6 14. Re2
c5 15. dxc5 Qxc5 16. Be3 Qa5 17. h3 Nd5 18. Bd4 N7f6 19. a3 Bd6 20. Ne4 Nf4 21.
Nxf6+ gxf6 22. Bxf6 Nxe2+ 23. Qxe2 Re8 24. g4 Be7 25. Be5 Rad8 26. Re1 Qd5 27.
Qe3 Bf8 28. Bf6 Rd6 29. Ne5 Bg7 30. Qf4 Qd2 31. Re3 Rf8 32. Kg2 Ra6 33. g5 Qc2
34. Bxg7 Kxg7 35. Qf6+ Kg8 36. Rf3 Kh7 37. Rf4 Ra4 38. b4 Kg8 39. Rh4 1-0

[Event "LSV Turm Lippstadt 1 - Krefelder SK Tur"]
[Site "NRW-Liga - Gruppe 2 2021/2022"]
[Date "2022.05.08"]
[Round "9.3"]
[White "van der Valk, Niklas"]
[Black "Wagner, Alexej"]
[Result "1/2-1/2"]
[WhiteElo "2205"]
[BlackElo "2261"]
[PlyCount "59"]
[EventDate "2022.??.??"]
[SourceVersionDate "2020.03.16"]
[WhiteTeam "Krefelder SK Turm 1"]
[BlackTeam "LSV Turm Lippstadt 1"]

1. c4 e5 2. Nc3 Nf6 3. Nf3 Nc6 4. g3 d5 5. cxd5 Nxd5 6. Bg2 Nb6 7. O-O Be7 8.
a3 Be6 9. b4 O-O 10. Rb1 a6 11. d3 f6 12. Be3 Nd5 13. Nxd5 Bxd5 14. Qc2 Qd7 15.
Rfc1 Rfc8 16. Nd2 Bxg2 17. Kxg2 Qd5+ 18. Kg1 Rd8 19. Nb3 Rac8 20. Qc4 Rd7 21.
Bc5 Qxc4 22. Rxc4 Nd8 23. Na5 Kf7 24. Kg2 c6 25. Nb3 Ne6 26. Bb6 Bd8 27. Be3
Be7 28. Bb6 Bd8 29. Be3 Be7 30. Bb6 1/2-1/2

[Event "LSV Turm Lippstadt 1 - Krefelder SK Tur"]
[Site "NRW-Liga - Gruppe 2 2021/2022"]
[Date "2022.05.08"]
[Round "9.4"]
[White "Grobbel, Rainer"]
[Black "Van Gool, Rudi"]
[Result "1/2-1/2"]
[WhiteElo "2121"]
[BlackElo "2191"]
[PlyCount "33"]
[EventDate "2022.??.??"]
[SourceVersionDate "2020.03.16"]
[WhiteTeam "LSV Turm Lippstadt 1"]
[BlackTeam "Krefelder SK Turm 1"]

1. d4 Nf6 2. c4 e6 3. a3 d5 4. e3 Be7 5. Nf3 O-O 6. Nc3 b6 7. Be2 Bb7 8. O-O
Nbd7 9. b4 c5 10. bxc5 bxc5 11. cxd5 Nxd5 12. Nxd5 Bxd5 13. Bb2 Qa5 14. Qd3
cxd4 15. Nxd4 Nc5 16. Qc3 Qxc3 17. Bxc3 1/2-1/2

[Event "LSV Turm Lippstadt 1 - Krefelder SK Tur"]
[Site "NRW-Liga - Gruppe 2 2021/2022"]
[Date "2022.05.08"]
[Round "9.5"]
[White "Guddat, Joachim"]
[Black "Dzirkalis, Edvins"]
[Result "1/2-1/2"]
[WhiteElo "2081"]
[BlackElo "2115"]
[PlyCount "89"]
[EventDate "2022.??.??"]
[SourceVersionDate "2020.03.16"]
[WhiteTeam "Krefelder SK Turm 1"]
[BlackTeam "LSV Turm Lippstadt 1"]

1. d4 d5 2. Nf3 Nf6 3. c4 e6 4. Nc3 Be7 5. Bg5 Nbd7 6. e3 h6 7. Bh4 O-O 8. Qc2
c5 9. cxd5 Nxd5 10. Bxe7 Nxe7 11. Be2 a6 12. O-O cxd4 13. Nxd4 e5 14. Nf3 Nc6
15. Rfd1 Re8 16. Ne4 Qe7 17. Rac1 Nf6 18. Nd6 Rd8 19. Nxc8 Rxd1+ 20. Bxd1 Rxc8
21. Qf5 Rd8 22. Ba4 g6 23. Qb1 Nb4 24. Bb3 Kg7 25. h3 Nd3 26. Rd1 e4 27. Nd4
Nd7 28. Bc2 N7e5 29. Bxd3 Nxd3 30. Rxd3 exd3 31. Qxd3 Rc8 32. Qd2 Qe5 33. a4
Qc5 34. Kh2 Qc7+ 35. g3 Qc4 36. Qd1 Qc1 37. Qg4 Qc5 38. Qd7 Kf8 39. Qxb7 a5 40.
b3 h5 41. h4 Rc7 42. Qf3 Kg7 43. Qf4 Re7 44. Qf3 Rc7 45. Qe4 1/2-1/2

[Event "LSV Turm Lippstadt 1 - Krefelder SK Tur"]
[Site "NRW-Liga - Gruppe 2 2021/2022"]
[Date "2022.05.08"]
[Round "9.6"]
[White "Tran, Duc Cuong"]
[Black "Maes, Valery"]
[Result "1/2-1/2"]
[WhiteElo "2071"]
[BlackElo "2067"]
[PlyCount "85"]
[EventDate "2022.??.??"]
[SourceVersionDate "2020.03.16"]
[WhiteTeam "LSV Turm Lippstadt 1"]
[BlackTeam "Krefelder SK Turm 1"]

1. d4 e6 2. Bf4 Nf6 3. e3 b6 4. Nd2 Bb7 5. Ngf3 c5 6. c3 Be7 7. h3 O-O 8. Bd3
cxd4 9. exd4 d6 10. O-O Nc6 11. Nc4 g6 12. a4 Re8 13. Re1 Nd5 14. Bh2 Rc8 15.
Qd2 Kg7 16. Rad1 a6 17. Qe2 Ra8 18. Nfd2 b5 19. axb5 axb5 20. Ne3 b4 21. Nxd5
exd5 22. Qf3 Ra5 23. Nf1 Bc8 24. Ne3 Be6 25. Re2 Qa8 26. Rde1 bxc3 27. bxc3 Rb8
28. g4 Ra1 29. Kg2 Rxe1 30. Rxe1 Qa5 31. Nf5+ Bxf5 32. gxf5 Bf6 33. Bxd6 Qxc3
34. Bxb8 Qxe1 35. Bg3 Nxd4 36. Qxd5 Nxf5 37. Bxf5 gxf5 38. Qxf5 Qe6 39. Qxe6
fxe6 40. Kf3 Kg6 41. Ke4 Kf7 42. f4 Kg6 43. Bf2 1/2-1/2

[Event "LSV Turm Lippstadt 1 - Krefelder SK Tur"]
[Site "NRW-Liga - Gruppe 2 2021/2022"]
[Date "2022.05.08"]
[Round "9.7"]
[White "Arning, Peter"]
[Black "Besou, Hussain"]
[Result "0-1"]
[WhiteElo "1839"]
[BlackElo "2066"]
[PlyCount "50"]
[EventDate "2022.??.??"]
[SourceVersionDate "2020.03.16"]
[WhiteTeam "Krefelder SK Turm 1"]
[BlackTeam "LSV Turm Lippstadt 1"]

1. Nf3 Nf6 2. g3 d5 3. Bg2 c5 4. O-O Nc6 5. d3 e5 6. Bg5 Be7 7. Nfd2 Be6 8. Nc3
Qd7 9. a3 d4 10. Nce4 Nxe4 11. Nxe4 f6 12. Bc1 O-O 13. c4 h6 14. f4 f5 15. Nf2
e4 16. dxe4 Bxc4 17. Qc2 Be6 18. e3 fxe4 19. Qxe4 Rad8 20. exd4 Bf5 21. Qf3
Nxd4 22. Qxb7 Qxb7 23. Bxb7 Nb3 24. Re1 Bf6 25. Ra2 Bb1 0-1

[Event "LSV Turm Lippstadt 1 - Krefelder SK Tur"]
[Site "NRW-Liga - Gruppe 2 2021/2022"]
[Date "2022.05.08"]
[Round "9.8"]
[White "Borjini, Faouzi"]
[Black "Braeunig, Heiko"]
[Result "1-0"]
[WhiteElo "1976"]
[BlackElo "1775"]
[PlyCount "45"]
[EventDate "2022.??.??"]
[SourceVersionDate "2020.03.16"]
[WhiteTeam "LSV Turm Lippstadt 1"]
[BlackTeam "Krefelder SK Turm 1"]

1. d4 Nf6 2. c4 e6 3. Nf3 c5 4. g3 cxd4 5. Nxd4 a6 6. Bg2 Nc6 7. O-O Qc7 8. b3
Be7 9. Bb2 O-O 10. Nd2 d6 11. Nxc6 bxc6 12. Ne4 Nd7 13. Ba3 c5 14. Nxd6 Rb8 15.
Nxc8 Rfxc8 16. Bb2 Bf6 17. Bxf6 Nxf6 18. Qc2 a5 19. Rad1 Rb6 20. Rd3 Rcb8 21.
Rfd1 h6 22. Qd2 Rb4 23. Rd8+ 1-0

[Event "Krefelder SK Turm 1 - SV Dinslaken 1"]
[Site "NRW-Liga - Gruppe 2 2021/2022"]
[Date "2021.10.31"]
[Round "1.1"]
[White "Sielecki, Christof"]
[Black "Gutkin, Ilya"]
[Result "1/2-1/2"]
[WhiteElo "2361"]
[BlackElo "2236"]
[PlyCount "49"]
[EventDate "2021.??.??"]
[SourceVersionDate "2020.03.16"]
[WhiteTeam "SV Dinslaken 1"]
[BlackTeam "Krefelder SK Turm 1"]

1. Nf3 b6 2. c4 Bb7 3. Nc3 e6 4. a3 Nf6 5. d4 d5 6. Bf4 Bd6 7. Bxd6 cxd6 8.
cxd5 Nxd5 9. Nxd5 Bxd5 10. e3 O-O 11. Bd3 f5 12. Qe2 Qe7 13. O-O Nd7 14. Rac1
Nf6 15. Rc2 Bb7 16. Ba6 Rfc8 17. Bxb7 Qxb7 18. Rfc1 Rxc2 19. Qxc2 h6 20. Nd2
Nd5 21. Qc6 Qxc6 22. Rxc6 Rd8 23. e4 fxe4 24. Nxe4 Kf8 25. g3 1/2-1/2

[Event "Krefelder SK Turm 1 - SV Dinslaken 1"]
[Site "NRW-Liga - Gruppe 2 2021/2022"]
[Date "2021.10.31"]
[Round "1.2"]
[White "Terhuven, Patrick"]
[Black "Welzel, Philipp"]
[Result "1/2-1/2"]
[WhiteElo "2195"]
[BlackElo "2194"]
[Annotator "daniel"]
[PlyCount "179"]
[EventDate "2021.??.??"]
[SourceVersionDate "2020.03.16"]
[WhiteTeam "Krefelder SK Turm 1"]
[BlackTeam "SV Dinslaken 1"]

1. Nf3 Nf6 2. g3 g6 3. b3 Bg7 4. Bb2 O-O 5. Bg2 d6 6. d4 a5 7. a3 c6 8. O-O Bf5
9. Nbd2 Qc8 10. Re1 d5 11. c4 a4 12. b4 Ne4 13. Rc1 Nxd2 14. Qxd2 dxc4 15. Rxc4
Be4 16. d5 Bxd5 17. Bxg7 Bxc4 18. Bxf8 Qxf8 19. Qf4 Bb5 20. Qc7 Na6 $11 21.
Qxb7 Rb8 22. Qa7 Qd8 23. Qe3 Qd6 24. Rc1 Rd8 25. Ne5 Nb8 26. Bf3 Qd2 27. Qxd2
Rxd2 28. Nxc6 Bxc6 29. Bxc6 Nxc6 30. Rxc6 Ra2 31. Rc7 Rxa3 32. Rxe7 Rb3 33. Rb7
Rb2 34. e3 h5 35. b5 a3 36. Ra7 a2 37. Kg2 Rxb5 38. Rxa2 Kg7 39. Ra6 Rb2 40.
Kf3 Rc2 41. Rd6 Ra2 42. h3 Rb2 43. h4 Ra2 44. Rd1 Kf6 45. Re1 Kf5 46. Re2 Ra4
47. Rb2 Kf6 48. e4 Ra1 49. Kf4 Rf1 50. Re2 Ra1 51. Rb2 Re1 52. Rb6+ Kg7 53. Rb3
Re2 54. Kf3 Ra2 55. Re3 Kf6 56. Re2 Ra3+ 57. Kf4 Ra4 58. Rb2 Rc4 59. Rb6+ Kg7
60. Rb2 Ra4 61. Re2 Kf6 62. f3 Ra1 63. Rb2 Rg1 64. Rb6+ Kg7 65. e5 Re1 66. Rb4
Re2 67. Re4 Rg2 68. e6 fxe6 69. Rxe6 Ra2 70. g4 hxg4 71. fxg4 Kf7 72. Rb6 Ra5
73. Rb7+ Kf8 74. g5 Rf5+ 75. Kg4 Ra5 76. Rb4 Kg7 77. h5 gxh5+ 78. Kxh5 Ra6 79.
Rb7+ Kf8 80. Rh7 Rb6 81. Rh6 Rb1 82. Ra6 Kf7 83. Ra7+ Kg8 84. Kh6 Rb6+ 85. g6
Rb8 86. Rg7+ Kh8 87. Rc7 Kg8 88. Rc6 Ra8 89. Kg5 Rb8 90. Kh6 1/2-1/2

[Event "Krefelder SK Turm 1 - SV Dinslaken 1"]
[Site "NRW-Liga - Gruppe 2 2021/2022"]
[Date "2021.10.31"]
[Round "1.3"]
[White "Sonnenschein, Philipp"]
[Black "van der Valk, Niklas"]
[Result "1-0"]
[WhiteElo "2154"]
[BlackElo "2195"]
[Annotator "daniel"]
[PlyCount "79"]
[EventDate "2021.??.??"]
[SourceVersionDate "2020.03.16"]
[WhiteTeam "SV Dinslaken 1"]
[BlackTeam "Krefelder SK Turm 1"]

1. e4 c6 2. d4 d5 3. e5 Bf5 4. h4 a6 5. Nc3 c5 6. dxc5 d4 7. g4 Bc8 8. Ne4 Nc6
9. f4 h5 10. g5 b6 11. Bg2 bxc5 12. Nd6+ exd6 13. Bxc6+ Bd7 14. Bxa8 Qxa8 15.
Rh2 dxe5 16. fxe5 Ne7 17. Qf3 Bc6 18. Qh3 g6 19. e6 Nf5 20. exf7+ Kxf7 21. Bf4
Bg7 22. O-O-O Re8 $11 23. Re2 Rxe2 24. Nxe2 Bf3 25. Re1 Qe4 26. Qf1 Nxh4 27.
Bd2 Kg8 28. Nf4 Qf5 29. Qc4+ Qf7 30. Qxa6 Kh7 31. Qe6 Qb7 32. Qd6 Be4 33. Ne6
Nf3 34. Nxc5 Qa8 35. Rxe4 Qxa2 36. Nb3 d3 37. Qa3 Bxb2+ 38. Qxb2 Qa7 39. Qf6
Qa3+ 40. Kd1 1-0